| LEADER | 00472nam a2200181Ia 4500 | ||
|---|---|---|---|
| 001 | CTU_82186 | ||
| 008 | 210402s9999 xx 000 0 und d | ||
| 082 | |a 330.08 | ||
| 082 | |b K15 | ||
| 100 | |a Kaminsky, Ralph | ||
| 245 | 0 | |a Introduction to economic issues | |
| 245 | 0 | |c Ralph Kaminsky | |
| 260 | |a Garden City | ||
| 260 | |b Anchor Books | ||
| 260 | |c 1970 | ||
| 650 | |a Economics | ||
| 904 | |i Trọng Hải | ||
| 980 | |a Trung tâm Học liệu Trường Đại học Cần Thơ | ||